000 00221nam a22000857a 4500
008 160630b xxu||||| |||| 00| 0 eng d
100 _91546
_aGupta, R.G
245 _aNew Course Composite Mathematics
260 _aN.D
_b Arya
_c2005
999 _c1278
_d1278